| 000 -LEADER |
| fixed length control field |
01289cam a22002772a 4500 |
| 001 - CONTROL NUMBER |
| control field |
.b14202669 |
| 003 - CONTROL NUMBER IDENTIFIER |
| control field |
OSt |
| 005 - DATE AND TIME OF LATEST TRANSACTION |
| control field |
20191226140957.0 |
| 008 - FIXED-LENGTH DATA ELEMENTS--GENERAL INFORMATION |
| fixed length control field |
151025s2015 nyua j 000 1 eng d |
| 020 ## - INTERNATIONAL STANDARD BOOK NUMBER |
| International Standard Book Number |
0062366971 |
| 020 ## - INTERNATIONAL STANDARD BOOK NUMBER |
| International Standard Book Number |
9780062366979 |
| Qualifying information |
(pbk.) : |
| 040 ## - CATALOGING SOURCE |
| Original cataloging agency |
KUAS |
| Language of cataloging |
eng |
| Transcribing agency |
DIPPER |
| Description conventions |
rda |
| 041 0# - LANGUAGE CODE |
| Language code of text/sound track or separate title |
eng |
| 042 ## - AUTHENTICATION CODE |
| Authentication code |
nbic |
| 082 ## - DEWEY DECIMAL CLASSIFICATION NUMBER |
| Classification number |
FIC HUN |
| 100 1# - MAIN ENTRY--PERSONAL NAME |
| Personal name |
Hunter, Erin. |
| Relator term |
author |
| 245 10 - TITLE STATEMENT |
| Title |
Fire and ice / |
| Statement of responsibility, etc. |
Erin Hunter. |
| 260 ## - PUBLICATION, DISTRIBUTION, ETC. |
| Place of publication, distribution, etc. |
New York : |
| Name of publisher, distributor, etc. |
Harper, an imprint of HarperCollins Publishers, |
| Date of publication, distribution, etc. |
2015. |
| 300 ## - PHYSICAL DESCRIPTION |
| Extent |
317, 16 pages : |
| Other physical details |
illustrations ; map ; |
| Dimensions |
20 cm. |
| 440 ## - SERIES STATEMENT/ADDED ENTRY--TITLE |
| Title |
Warriors ; |
| Number of part/section of a work |
bk 2. |
| 440 ## - SERIES STATEMENT/ADDED ENTRY--TITLE |
| Title |
The prophecies begin ; |
| Number of part/section of a work |
bk 2. |
| 520 ## - SUMMARY, ETC. |
| Summary, etc. |
Deep in the heart of the forest, four clans of warrior cats coexist in uneasy harmony -- but uncertain times are upon them, and dangers threaten the precarious balance of the forest. Fireheart is a ThunderClan warrior cat now, but his troubles are far from over. As the chill of winter sets in, the cats of rival RiverClan grow restless, while WindClan is weak and facing threats from all sides. As tensions build to an explosive climax, Fireheart faces not only imminent battle, but betrayal from within his own Clan. |
| 650 #0 - SUBJECT ADDED ENTRY--TOPICAL TERM |
| Topical term or geographic name entry element |
Cats |
| General subdivision |
Juvenile fiction. |
| 650 #0 - SUBJECT ADDED ENTRY--TOPICAL TERM |
| Topical term or geographic name entry element |
Fantasy fiction. |
| 942 ## - ADDED ENTRY ELEMENTS (KOHA) |
| Source of classification or shelving scheme |
|
| Koha item type |
Books - Fiction |